Liderazgo. Seis estudios sobre estrategia mundial.

Uloženo v:
Podrobná bibliografie
Hlavní autor: Kissinger, Henry Alfred (autor)
Další autoři: González Ferriz, Ramón (traducción), Valdivieso, Marta (traducción)
Médium: Neznámo
Vydáno: Santiago, Chile: Penguin Random House, 2023.
Vydání:Primera edición
Edice:Debate. Historia.
Témata:
Tagy: Přidat tag
Žádné tagy, Buďte první, kdo vytvoří štítek k tomuto záznamu!

MARC

LEADER 00000 a2200000 4500
003 CL-VaPUC
005 20230530100107.0
008 230522t2023 ||||| |||| 00| 0 eng d
999 |c 440645  |d 440643 
020 |a 978-956-6042-93-8 
040 |c Pontificia Universidad Católica de Valparaíso 
082 |2 22  |a 324.22 KIS 2023 
100 |a Kissinger, Henry Alfred  |9 584912  |e autor 
245 |a Liderazgo.  |b Seis estudios sobre estrategia mundial. 
250 |a Primera edición 
260 |a Santiago, Chile:  |b Penguin Random House,  |c 2023. 
300 |a 644 páginas. 
490 |a Debate. Historia.  
583 |k GC  |c 20230522 
650 0 |9 341244  |a Liderazgo político   |x Historia mundial   |x Estrategias de gobierno  |y Siglo 20 
650 0 |9 255151  |a Política y gobierno  |x Perfiles  |x Líderes mundiales  |y Siglo 20 
700 |a González Ferriz, Ramón  |e traducción  |9 882450 
700 |a Valdivieso, Marta  |e traducción  |9 882451 
942 |2 ddc  |c BK 
952 |0 0  |1 0  |2 ddc  |4 0  |6 324_220000000000000_KIS_2023  |7 0  |8 A  |9 590109  |a BIBHIS  |b BIBHIS  |c GEN  |d 2023-05-22  |e 3  |g 18441.00  |i 5657443  |o 324.22 KIS 2023  |p 5657443  |r 2025-01-20  |t 1  |v 18441.00  |w 2023-05-22  |y BK  |k HIS 
952 |0 0  |1 0  |2 ddc  |4 0  |6 324_220000000000000_KIS_2023  |7 0  |8 A  |9 590110  |a BIBHIS  |b BIBHIS  |c GEN  |d 2023-05-22  |e 3  |g 18441.00  |i 5657444  |o 324.22 KIS 2023  |p 5657444  |r 2025-01-20  |t 2  |v 18441.00  |w 2023-05-22  |y BK  |k HIS